00525nam a2200145Ia 4500008004100000020002200041082001900063100003100082245007700113260002500190300001000215942001200225999001900237952012300256210430s9999 xx 000 0 und d a978-81-317-0090-7 a620.11 S5241 I aJames F.Shackelford954341 aIntroduction to Materials Science for Engineers 6thcJames F.Shackelford aIndiabDorlingc2010 a776 p cBK2ddc c564900d564900 001040708NFICaSCMEbSCMEcGENd0000-00-00l2m1o620.11 S5241 IpSCME-4175r2023-01-06s2022-12-19w2021-04-30yBK